План Выборга с указанием бывших русских владений. Типографский. 1:6000

RUSMARC
00006111cmc2a2200000 x 450
001ea35ad9d-caf8-49d9-956a-ae634f187a4e
00520161020143606.0
2001#$aПлан Выборга с указанием бывших русских владений. Типографский. 1:6000
$j1919
300##$aЗаголовок дела также: План г. Выборга с указанием бывших русских владений 1919 года. Печатная. Масштаб 1:6000
300##$aБумага. Тушь, карандаш, акварель
300##$aРукописный текст. Чернила
300##$aНа финском языке
937##$hПБ
801#0$aRU
$bПБ им. Б.Н. Ельцина
$c20151001
801#1$aRU
$bПБ им. Б.Н. Ельцина
$c20161011
$2rusmarc
801#2$aRU
$bПБ им. Б.Н. Ельцина
$c20161011
$gRCR
$2rusmarc
5171#$aПлан г. Выборга с указанием бывших русских владений 1919 года. Печатная. Масштаб 1:6000
100##$a20161011l19191919k y0rusy са
1010#$afin
120##$abaa
121##$aaabb a
1220#$ad1919######
124##$aa
$bj
215##$a1 лист
251##$cДокумент
461#0$1001c4c30068-c070-47bb-88e5-61dd43074524
$12001
$aКарты, планы, чертежи г. Выборга, Выборгской, Куопиоской, Миккельской губерний
$1251
$cФонд
$1852
$j531
462#0$10019a75f7fa-d3a6-4108-9e3d-0cd6123cd871
$12000
$aОп. 1
$vЕд. хр. 95
$1251
$cОпись
$1852
$j1
850##$aГосударственное казенное учреждение "Ленинградский областной государственный архив в г. Выборге" (ЛОГАВ)
852##$aЛен. обл. гос. архив в г. Выборге
$j95
686##$2rubbk
$a63.3(2Рос-4Лен-2Выборг)6я64
$vLBC/M
617##$2prlib_sh
$cЛенинградская область
617##$2prlib_sh
$aФинляндия
605##$2acquisition_Prlib
$3DITM\AF\0000002750
$aРоссия - Финляндия: северные соседи
$lколлекция
605##$2acquisition_Prlib
$3DITM\AF\0000004675
$aТерритория
$lколлекция
605##$2acquisition_Prlib
$3LIBNET\UAF\0000011043
$aЛенинградская область: страницы истории
$lколлекция
605##$2acquisition_Prlib
$3LIBNET\UAF\0000039012
$aТерритория России: Ленинградская область
$lколлекция
607##$2nlr_sh
$3RU\NLR\AUTH\661593238
$aВыборг, город (Ленинградская область)
$jКарты
607##$aВыборг, город (Ленинградская область)
$2prlib_sh
$3LIBNET\UAF\0000053415
$xИстория
$z1928-1928
50900$aВыборг
$cчасти
$hгород
$lПлан
8564#$uhttp://www.prlib.ru/Lib/pages/item.aspx?itemid=142517
Формат отображения